书目信息 |
| 题名: |
沉思录·智慧书
|
|
| 作者: | ;记忆经典丛书编委会 编著 | |
| 分册: | 四 | |
| 出版信息: | 北京 中国青年出版社 2018 |
|
| 页数: | 333-443页 | |
| 开本: | 23cm | |
| 丛书名: | 记忆经典丛书 | |
| 单 册: | ||
| 中图分类: | B502.43 , B821-49 | |
| 科图分类: | ||
| 主题词: | 斯多葛派--哲学理论 , 人生哲学--通俗读物 | |
| 电子资源: | ||
| ISBN: | 978-7-5153-5144-5 | |
| 000 | 01039nam0 2200265 45 | |
| 001 | 012001006392 | |
| 005 | 20191023142236.53 | |
| 010 | @a978-7-5153-5144-5@dCNY48.00 | |
| 100 | @a20190308d2018 em y0chiy50 ea | |
| 101 | 0 | @achi@aeng |
| 102 | @aCN@b110000 | |
| 105 | @aa z 000yy | |
| 106 | @ar | |
| 200 | 1 | @a沉思录·智慧书@9chen si lu · zhi hui shu@b专著@h四@f记忆经典丛书编委会编著@AChen Si Lu· Zhi Hui Shu@PCSLZHS@FJi Yi Jing Dian Cong Shu Bian Wei Bian Zhu |
| 210 | @a北京@c中国青年出版社@d2018 | |
| 215 | @a333-443页@c图@d23cm | |
| 225 | 1 | @a记忆经典丛书 |
| 330 | @a本书是《沉思录》和《智慧书》的合辑。《沉思录》阐述了灵魂与死亡的关系,解析了个人的德行、个人的解脱以及个人对社会的责任。《智慧书》以冷峻、客观的态度,深刻地描述了人生的处世经验。 | |
| 606 | 0 | @a斯多葛派@x哲学理论 |
| 606 | 0 | @a人生哲学@j通俗读物 |
| 690 | @aB502.43@v5 | |
| 690 | @aB821-49@v5 | |
| 711 | 02 | @a记忆经典丛书编委会@9ji yi jing dian cong shu bian wei hui@4编著 |
| 801 | 2 | @aCN@b上海新华@c20191020 |
| 905 | @b1099505-6@dB502.43@e133:4@f2 | |
| 沉思录·智慧书.四/记忆经典丛书编委会编著.-北京:中国青年出版社,2018 |
| 333-443页:图;23cm.-(记忆经典丛书) |
| ISBN 978-7-5153-5144-5:CNY48.00 |
| 本书是《沉思录》和《智慧书》的合辑。《沉思录》阐述了灵魂与死亡的关系,解析了个人的德行、个人的解脱以及个人对社会的责任。《智慧书》以冷峻、客观的态度,深刻地描述了人生的处世经验。 |
| ● |
| 相关链接 |
|
|
|
|
正题名:沉思录·智慧书
索取号:B502.43/133:4
 
预约/预借
| 序号 | 登录号 | 条形码 | 馆藏地/架位号 | 状态 | 备注 |
| 1 | 1099505 | 210995057 | 第一样本阅览室/ [索取号:B502.43/133:4] | 在馆 | |
| 2 | 1099506 | 210995066 | 第一借阅区/ [索取号:B502.43/133:4] | 在馆 |